Mapa de Costa Rica: modelo de elevación digital poblados, ríos, carreteras y áreas protegidas

Guardat en:
Dades bibliogràfiques
Autor corporatiu: Centro de Investigaciones en Desarrollo Sostenible
Format: Text
Publicat: San José: CIEDES. EUCR
Edició:2
Matèries:
Etiquetes: Afegir etiqueta
Sense etiquetes, Sigues el primer a etiquetar aquest registre!

MARC

LEADER 00000 a a2200000 04500
001 36076
003
040
020 |a 9977-67-823-5  
090 |a 1001 C397m  
110 |a Centro de Investigaciones en Desarrollo Sostenible  
245 |a Mapa de Costa Rica: modelo de elevación digital poblados, ríos, carreteras y áreas protegidas  
250 |a 2  
260 |a San José:   |b CIEDES. EUCR  
300 |a 23   |b map.  
650 |a MAPAS  
650 |a RIOS  
650 |a CARRETERAS  
650 |a PUEBLOS  
650 |a COSTA RICA  
999 |c 14669  |d 14669